000 00645nam a2200229Ia 4500
003 OSt
005 20221006164056.0
006 a|||||r|||| 00| 0
007 ta
008 221006b |||||||| |||| 00| 0 hin d
024 _a5,771
037 _cTextual
040 _aFML
_cFML
_bhin
041 _2hin
_ahin
082 _aO44,1, 152P6
100 _aSharma Ramjanma Au.
_9676555
245 0 _aJaltashuda Geet
_b Ajadi Aur Ekta Ke Tarane
260 _aDelhi
_bPrakashan Vibhag Ministry of I. & B. Govt.
_c2006
300 _a77
_ccm.
942 _hO44,1, 152P6
_cTEXL
_2CC
999 _c1116161
_d1116161